000 00484nam a2200169Ia 4500
003 GCL
008 140319s9999 xx 000 0 eng d
040 _aGCL /
_cGCL
082 0 4 _a822.33
_bW C
100 1 _aWELLS, STANLEY
245 1 0 _aTHE CAMBRIDGE COMPAION TO SHAKESPEARE STUDIES /
_cWELLS, STANLEY
260 _a[S.N] :
_bCAMBRIDGE UNIVERSITY PRESS ،
_c1994
300 _a329 P
650 0 4 _aCRITICISM AND INTER PRETATION
650 0 4 _aSHAKESPEARE, WILLIAM
942 _2ddc
_cBK
999 _c24430
_d24430